000 01094cam a2200337 a 4500
001 4480360
003 ARRUPE
005 20140205124107.0
008 930428s1993 miu b 001 0 eng
010 _a92021465
020 _a0802806589 (pbk.) :
035 _a(OCoLC)26762738
035 _a(OCoLC)ocm26762738
035 _a(NNC)4480360
040 _aDLC
_cDLC
_dDLC
_dNNUT
050 0 0 _aBT738
_b.G727 1993
090 _aBT738
_b.G727 1993
100 1 _aMouw, Richard J.
_97970
245 1 0 _aPluralisms and horizons :
_ban essay in Christian public philosophy /
_cRichard J. Mouw and Sander Griffioen.
260 _aGrand Rapids, Mich. :
_bW.B. Eerdmans,
_cc1993.
300 _aviii, 183 p. ;
_c22 cm.
500 _aCover title: Pluralism & horizons.
504 _aIncludes bibliographical references and index.
650 0 _aChristian sociology.
_97971
650 0 _aCultural pluralism.
_97972
650 0 _aChristian ethics
_xReformed authors.
_97973
700 1 _aGriffioen, S.,
_d1941-
_97974
740 0 _aPluralism & horizons.
942 _2lcc
_cMONOGRAPH
999 _c119946
_d119946